[Event "22nd ECCC Women 2017"]
[Site "Antalya"]
[Date "2017.10.11"]
[Round "4"]
[White "Balajayeva, Khanim"]
[Black "Isgandarova, Khayala"]
[Result "1-0"]
[WhiteElo "2319"]
[BlackElo "2242"]
[Annotator "NA"]
[PlyCount "87"]
[EventType "team-tourn"]
[EventCountry "TUR"]
[SourceTitle "playchess.com"]
[Source "ChessBase"]
[SourceQuality "1"]
[WhiteTeam "Odlar Yurdu"]
[BlackTeam "Anatolia"]
[TimeControl "40/5400+30:1800+30"]

1. e4 {[%emt 0:00:30]} e6 {[%emt 0:01:00]} 2. d4 {[%emt 0:00:00]} d5 {[%emt 0:00:30]} 3. Nc3 {[%emt 0:00:00]} Nf6 {[%emt 0:00:30]} 4. Bg5 {[%emt 0:00:30]} Be7 {[%emt 0:00:00]} 5. e5 {[%emt 0:00:00]} Nfd7 {[%emt 0:00:00]} 6. Bxe7 {[%emt 0:00:00]} Qxe7 {[%emt 0:00:00]} 7. f4 {[%emt 0:00:30] LiveBook: 1399 Partien} a6 {[%emt 0:00:00]} 8. Nf3 {[%emt 0:00:30]} c5 {[%emt 0:00:30]} 9. Qd2 {[%emt 0:00:00]} Nc6 {[%emt 0:00:00]} 10. dxc5 {[%emt 0:00:00]} Qxc5 {[%emt 0:01:00]} 11. Bd3 {[%emt 0:00:30]} b5 {[%emt 0:00:00]} 12. a3 {[%emt 0:00:30]} Nb6 {[%emt 0:10:00] C14: French: Classical System: 4 Bg5 Be7 main line} (12... O-O 13. Qf2 Ra7 14. Qxc5 Nxc5 15. Kd2 f5 16. Ne2 h6 17. Rhg1 g5 18. g4 Ne4+ 19. Ke3 Rg7 20. gxf5 {1-0 (66) Robson,R (2620)-Akobian,V (2616) Wheeling 2013}) 13. b4 {[%emt 0:00:30]} Qe7 {[%emt 0:01:30]} 14. Qf2 {[%emt 0:00:30]} Nc4 $146 {[%emt 0:09:30]} ({Predecessor:} 14... Rb8 15. O-O Nc4 16. Ne2 Bd7 17. Ned4 Nxd4 18. Nxd4 O-O 19. Qg3 f5 20. Qf2 {1-0 (39) Daulyte,D (2419)-Isgandarova,K (2257) Kocaeli 2017}) 15. Bxc4 {[%emt 0:07:30]} dxc4 {[%emt 0:04:30]} 16. Ne4 {[%emt 0:08:30]} O-O {[%emt 0:00:00]} 17. O-O {[%emt 0:04:30]} Qa7 {[%emt 0:09:00]} 18. c3 {[%emt 0:03:30]} Qxf2+ {[%emt 0:11:30]} 19. Kxf2 {[%emt 0:01:30]} a5 $18 {[%emt 0:02:30]} (19... Ne7 $16) 20. Nd6 {[%emt 0:20:30]} Bd7 {[%emt 0:02:30]} 21. Rfd1 {[%emt 0:11:30]} axb4 {[%emt 0:10:30]} 22. axb4 {[%emt 0:00:30]} Ne7 {[%emt 0:00:30]} 23. Rxa8 {[%emt 0:23:56]} Rxa8 {[%emt 0:00:30]} 24. Nxc4 {[%emt 0:00:46]} Nd5 {[%emt 0:01:30]} 25. Ne3 {[%emt 0:01:37]} Ra2+ {[%emt 0:00:30]} 26. Kg3 {[%emt 0:02:07]} Nxe3 {[%emt 0:11:30]} 27. Rxd7 {[%emt 0:00:03]} h6 {[%emt 0:05:06]} 28. Nd4 {[%emt 0:03:18]} Nxg2 {[%emt 0:04:40]} 29. Nxb5 {[%emt 0:01:28]} Ne1 {[%emt 0:04:01]} 30. Nd6 {[%emt 0:02:38]} Rg2+ {[%emt 0:00:49]} 31. Kh3 {[%emt 0:00:04]} Rf2 {[%emt 0:00:45]} 32. Nxf7 {[%emt 0:02:19]} Rxf4 {[%emt 0:03:23]} 33. Nd8 {[%emt 0:00:05]} g5 {[%emt 0:05:34]} 34. Nxe6 {[%emt 0:01:53]} Re4 {[%emt 0:00:09]} 35. Rg7+ {[%emt 0:00:46]} Kh8 {[%emt 0:00:04]} 36. Rg6 {[%emt 0:01:56]} Rh4+ {[%emt 0:04:08]} 37. Kg3 {[%emt 0:00:30]} Nd3 {[%emt 0:00:00]} 38. b5 {[%emt 0:01:10]} Nxe5 {[%emt 0:00:20]} 39. b6 {[%emt 0:00:14]} Nd7 {[%emt 0:00:26]} 40. Nd4 {[%emt 0:00:50]} Re4 {[%emt 0:01:35]} 41. Rd6 {[%emt 0:10:50]} Nc5 {[%emt 0:02:30]} 42. Rc6 {[%emt 0:01:30]} Nd7 {[%emt 0:21:27]} 43. Rc8+ {[%emt 0:00:30]} Kg7 {[%emt 0:00:08]} 44. Rc7 {[%emt 0:00:30]} 1-0

[Event "22nd ECCC Women 2017"]
[Site "Antalya"]
[Date "2017.10.11"]
[Round "4"]
[White "Mamedjarova, Zeinab"]
[Black "Atalik, Ekaterina"]
[Result "1/2-1/2"]
[WhiteElo "2298"]
[BlackElo "2468"]
[Annotator "TA"]
[PlyCount "156"]
[EventType "team-tourn"]
[EventCountry "TUR"]
[SourceTitle "playchess.com"]
[Source "ChessBase"]
[SourceQuality "1"]
[WhiteTeam "Odlar Yurdu"]
[BlackTeam "Anatolia"]

{[%evp 18,156,-15,-18,0,0,0,0,4,-14,3,-12,17,-1,0,0,2,0,3,0,12,12,33,33,31,24,36,36,23,14,14,14,14,14,16,0,0,0,19,8,20,13,31,0,0,-14,0,-4,4,0,8,5,48,55,72,77,77,8,34,4,18,0,14,0,0,0,0,0,0,-8,0,-4,-3,-16,-15,-50,-42,-36,-8,-8,0,-2,0,-11,-13,-17,-11,-13,-8,-27,-20,-279,-98,-275,-275,-279,-277,-270,-248,-262,-233,-260,-230,-229,-162,-186,-160,-196,-168,-291,-285,-424,-403,-425,-420,-475,-471,-497,-490,-485,-524,-514,-495,-452,-451,-611,-575,-476,-395,-927,-927,-820,-822,-1916,-1724,-960,0,0,0,0,0]} 1. d4 d5 2. Nf3 Nf6 3. e3 c5 4. Be2 g6 5. O-O Bg7 6. c4 cxd4 7. Qxd4 Nc6 8. Qh4 dxc4 9. Bxc4 O-O 10. Nc3 Qa5 {D94: Grünfeld: 4 Nf3 Bg7 5 e3} (10... Bg4 {is more complex.} 11. Be2 h6 12. Rd1 Qc7 13. Nd5 Nxd5 14. Qxg4 Rfd8) 11. Bd2 Qh5 $146 ({Predecessor:} 11... Ne5 12. Nxe5 Qxe5 13. Qf4 Qxf4 14. exf4 Rd8 15. Rfd1 b6 16. Be3 Bb7 17. Rxd8+ Rxd8 {½-½ (31) Schmidt,B (2360)-Berezovsky,I (2406) Germany 2002}) 12. Qxh5 Nxh5 13. e4 Bd7 14. Rad1 Rfd8 15. Bg5 h6 16. Be3 Rac8 17. h3 g5 18. Rd2 Nf4 19. Rfd1 Be6 20. Nd5 Bxd5 21. exd5 Ne5 22. Nxe5 Bxe5 23. Bb3 b6 24. g3 Ng6 25. Kg2 Bd6 26. h4 gxh4 27. Bxh6 hxg3 28. fxg3 Be5 29. Rf2 Rd6 30. Be3 Kg7 31. a4 Rf6 32. Re2 Rh8 33. Bc2 Rd6 34. a5 bxa5 35. Bc5 {Bxg6 is the strong threat.} Rh5 36. Bxd6 Bxd6 {[#]} 37. Re3 (37. Bxg6 $1 $16 Kxg6 38. Re4) 37... Ne5 $11 38. Re4 Rg5 39. Rh1 Ng6 40. Re3 Nf4+ 41. Kf2 Nxd5 {aiming for ...Bc5.} 42. Rf3 {Threatening Rh7+.} Nf6 43. Rd1 Ng4+ 44. Ke2 Ne5 45. Rc3 Bb4 46. Rb3 Rh5 {Strongly threatening ...Rh2+.} 47. Rf1 Nc6 48. Rd3 Bd6 49. Bb3 Ne5 {Hoping for ...Rh2+.} 50. Rc3 Bb4 {Threatens to win with ...Rh2+.} 51. Rc7 Rh3 52. Bd5 Rxg3 53. Rf5 Rg1 {And now ...Re1+ would win.} 54. Rxa7 $2 {[%mdl 8192] [#]} (54. Rf1 $11 {and White is okay.} Rg6 55. Rxa7) 54... Re1+ $1 $19 ({Don't do} 54... e6 55. Rxe5 Re1+ 56. Kd3 $19) 55. Kf2 Kg6 56. Rxe5 Rxe5 {[%mdl 4096] Endgame KRB-KRB} 57. Ra6+ e6 58. Bf3 Kf6 59. Rc6 Rg5 60. Rc7 Rg7 61. b3 Rh7 62. Kg2 Rh4 63. Rd7 (63. Be2 $142) 63... Kg6 64. Be2 (64. Kg3 $142 Be1+ 65. Kg2) 64... f5 65. Bc4 Kf6 66. Rc7 e5 {[%cal Be6e5,Be5e4][%mdl 32]} 67. Kg3 Be1+ 68. Kg2 e4 69. Rc6+ Kg5 70. Rc5 Bb4 71. Rb5 Rh6 72. Rd5 Kf4 73. Bf1 $2 (73. Bb5) 73... Rc6 74. Bb5 Rc2+ 75. Kf1 Kg3 76. Be2 f4 $2 ({Black should try} 76... Rc3 $19 77. Rd8 Rxb3 78. Rg8+ Kf4) 77. Rg5+ $11 Kh3 {( -> ...Rc1+)} (77... Kh4 $5 78. Rh5+ $8 Kg3 79. Rg5+ Kh3 80. Rh5+ Kg3 81. Rg5+ $11) 78. Rh5+ Kg3 {Precision: White = 40%, Black = 54%.} 1/2-1/2

[Event "22nd ECCC Women 2017"]
[Site "Antalya"]
[Date "2017.10.11"]
[Round "4"]
[White "Klinova, Masha"]
[Black "Ince, Safiye Oyku"]
[Result "1-0"]
[WhiteElo "2289"]
[BlackElo "1861"]
[Annotator "NA"]
[PlyCount "97"]
[EventType "team-tourn"]
[EventCountry "TUR"]
[SourceTitle "playchess.com"]
[Source "ChessBase"]
[SourceQuality "1"]
[WhiteTeam "Beer Sheva"]
[BlackTeam "Mediterranean"]
[TimeControl "40/5400+30:1800+30"]

1. e4 c5 2. Nf3 e6 3. c4 Nc6 4. Nc3 Nd4 {[%emt 0:00:30]} 5. d3 {[%emt 0:00:30]} Ne7 {[%emt 0:00:30]} 6. Nxd4 {[%emt 0:05:30]} cxd4 {[%emt 0:00:30]} 7. Ne2 {[%emt 0:00:30]} Qb6 {[%emt 0:00:30]} 8. g3 {[%emt 0:00:30]} d5 {[%emt 0:03:30]} 9. exd5 {[%emt 0:07:30]} exd5 {[%emt 0:01:30]} 10. Bg2 {[%emt 0:00:30]} Be6 {[%emt 0:13:30]} 11. O-O {[%emt 0:10:30]} dxc4 {[%emt 0:04:30]} 12. dxc4 {[%emt 0:03:30]} Nc6 $18 {[%emt 0:00:30]} 13. b3 {[%emt 0:07:30]} Be7 {[%emt 0:02:30]} 14. Nf4 {[%emt 0:02:30]} O-O {[%emt 0:02:30]} 15. Nd5 {[%emt 0:09:30]} Bxd5 {[%emt 0:03:30]} 16. cxd5 {[%emt 0:01:30]} Nb4 {[%emt 0:00:30]} 17. a3 {[%emt 0:00:30]} Na6 {[%emt 0:00:30]} 18. Bb2 {[%emt 0:00:30]} Bf6 {[%emt 0:00:30]} 19. Rc1 {[%emt 0:04:30]} Rac8 {[%emt 0:04:30]} 20. b4 {[%emt 0:01:30]} Nc7 {[%emt 0:03:30]} 21. Qd3 {[%emt 0:16:30]} Nb5 {[%emt 0:00:30]} 22. Rxc8 {[%emt 0:02:30]} Rxc8 {[%emt 0:00:30]} 23. Re1 {[%emt 0:00:00]} g6 {[%emt 0:04:30]} 24. h4 {[%emt 0:00:00]} Nc3 {[%emt 0:02:30]} 25. h5 {[%emt 0:03:30]} Qd6 {[%emt 0:05:30]} 26. h6 {[%emt 0:02:30]} Qf8 {[%emt 0:06:30]} 27. Bc1 {[%emt 0:01:55]} Re8 {[%emt 0:03:30]} 28. Rxe8 {[%emt 0:05:14]} Qxe8 {[%emt 0:01:30]} 29. Bd2 {[%emt 0:00:35]} Qe2 {[%emt 0:00:30]} 30. Qxe2 {[%emt 0:02:53]} Nxe2+ {[%emt 0:00:30]} 31. Kf1 {[%emt 0:00:22]} Nc3 {[%emt 0:00:00]} 32. d6 {[%emt 0:00:44]} b6 {[%emt 0:01:00]} 33. Bc6 {[%emt 0:00:29]} Bd8 {[%emt 0:01:30]} 34. b5 {[%emt 0:06:36]} g5 {[%emt 0:01:30]} 35. f4 {[%emt 0:00:49]} gxf4 {[%emt 0:08:30]} 36. Bxf4 {[%emt 0:01:33]} Nb1 {[%emt 0:01:30]} 37. Ke2 {[%emt 0:00:24]} Bf6 {[%emt 0:07:00]} 38. Kd3 {[%emt 0:00:21]} Nxa3 {[%emt 0:00:33]} 39. d7 {[%emt 0:00:33]} Bd8 {[%emt 0:02:06]} 40. Kxd4 {[%emt 0:00:00]} f6 {[%emt 0:05:21]} 41. Kc3 {[%emt 0:05:02]} f5 {[%emt 0:02:30]} 42. Kb3 {[%emt 0:01:30]} Nxb5 {[%emt 0:00:30]} 43. Bxb5 {[%emt 0:00:30]} Kf7 {[%emt 0:00:30]} 44. Kc4 {[%emt 0:00:30]} Ke6 {[%emt 0:00:30]} 45. Bb8 {[%emt 0:01:30]} a6 {[%emt 0:00:30]} 46. Bxa6 {[%emt 0:03:30]} Kxd7 {[%emt 0:00:30]} 47. Kd5 {[%emt 0:00:30]} Bf6 {[%emt 0:00:30]} 48. Bd3 {[%emt 0:00:30]} Kc8 {[%emt 0:00:30]} 49. Bf4 {[%emt 0:00:00]} 1-0

[Event "22nd ECCC Women 2017"]
[Site "Antalya"]
[Date "2017.10.12"]
[Round "4"]
[White "Stetsko, Lanita"]
[Black "Savina, Anastasia"]
[Result "0-1"]
[WhiteElo "2254"]
[BlackElo "2350"]
[Annotator "ChessBase"]
[PlyCount "92"]
[EventType "team-tourn"]
[EventCountry "TUR"]
[SourceTitle "playchess.com"]
[Source "ChessBase"]
[SourceQuality "1"]
[WhiteTeam "Bossa Nova"]
[BlackTeam "Legacy Square Capital"]
[TimeControl "40/5400+30:1800+30"]

1. e4 {[%emt 0:00:30]} c5 {[%emt 0:01:00]} 2. Nc3 {[%emt 0:00:00]} Nc6 {[%emt 0:02:30]} 3. Nge2 {[%emt 0:00:00]} Nf6 {[%emt 0:07:30]} 4. d4 {[%emt 0:01:30]} cxd4 {[%emt 0:00:30]} 5. Nxd4 {[%emt 0:00:00]} e6 {[%emt 0:00:30]} 6. Nxc6 {[%emt 0:00:00]} bxc6 {[%emt 0:00:30]} 7. e5 {[%emt 0:00:30]} Nd5 {[%emt 0:00:00]} 8. Ne4 {[%emt 0:00:00]} Qc7 {[%emt 0:00:00]} 9. f4 {[%emt 0:00:00]} Qb6 {[%emt 0:00:30]} 10. c4 {[%emt 0:00:00]} Ne3 {[%emt 0:01:30]} 11. Qd3 {[%emt 0:00:00]} Nf5 {[%emt 0:02:30]} 12. Bd2 {[%emt 0:04:30]} c5 {[%emt 0:08:30]} 13. Bc3 {[%emt 0:09:30]} Bb7 {[%emt 0:04:30]} 14. O-O-O {[%emt 0:05:30]} Rd8 {[%emt 0:11:30]} 15. Ng3 {[%emt 0:13:30]} Nd4 {[%emt 0:08:30]} 16. Bxd4 {[%emt 0:14:30]} cxd4 {[%emt 0:00:30]} 17. Qxd4 {[%emt 0:00:30]} Qxd4 {[%emt 0:14:30]} 18. Rxd4 {[%emt 0:00:30]} Bc5 {[%emt 0:00:30]} 19. Rd3 {[%emt 0:01:30]} O-O {[%emt 0:17:25]} 20. Be2 {[%emt 0:15:30]} d5 {[%emt 0:07:39]} 21. Nh5 {[%emt 0:08:30]} dxc4 {[%emt 0:05:45]} 22. Rg3 {[%emt 0:01:30]} Kh8 {[%emt 0:01:59]} 23. Rf1 {[%emt 0:07:06]} Be4 {[%emt 0:01:04]} 24. Rd1 {[%emt 0:07:16]} Bg6 {[%emt 0:02:34]} 25. Rxd8 {[%emt 0:09:19]} Rxd8 {[%emt 0:00:01]} 26. Rh3 {[%emt 0:00:20]} Bb4 {[%emt 0:00:57]} 27. Bxc4 {[%emt 0:00:34]} Bd2+ {[%emt 0:00:38]} 28. Kd1 {[%emt 0:00:02]} Bxf4+ {[%emt 0:00:15]} 29. Ke1 {[%emt 0:00:39]} Bxe5 {[%emt 0:00:35]} 30. b3 {[%emt 0:00:10]} Bf5 {[%emt 0:00:35]} 31. Re3 {[%emt 0:00:30]} Bxh2 {[%emt 0:00:28]} 32. Ng3 {[%emt 0:00:51]} Bg4 {[%emt 0:00:57]} 33. Ne2 {[%emt 0:00:05]} Bc7 {[%emt 0:00:00]} 34. b4 {[%emt 0:00:43]} h5 {[%emt 0:00:28]} 35. a4 {[%emt 0:00:26]} a5 {[%emt 0:00:48]} 36. b5 {[%emt 0:00:09]} Bd6 {[%emt 0:00:19]} 37. Rd3 {[%emt 0:00:28]} Bb4+ {[%emt 0:00:07]} 38. Kd1 {[%emt 0:00:48]} Rc8 {[%emt 0:00:17]} 39. Bb3 {[%emt 0:01:28]} e5 {[%emt 0:01:05]} 40. Bxf7 {[%emt 0:00:00]} Bf5 {[%emt 0:01:04]} 41. Rd2 {[%emt 0:01:36]} Bxd2 {[%emt 0:03:30]} 42. Kxd2 {[%emt 0:00:30]} Rd8+ {[%emt 0:00:30]} 43. Kc3 {[%emt 0:01:30]} h4 {[%emt 0:00:30]} 44. b6 {[%emt 0:09:30]} Be4 {[%emt 0:03:30]} 45. Be6 {[%emt 0:02:07]} Bxg2 {[%emt 0:02:30]} 46. Kc4 {[%emt 0:00:03]} Rd6 {[%emt 0:01:30]} 0-1

[Event "22nd ECCC Women 2017"]
[Site "Antalya"]
[Date "2017.10.11"]
[Round "4"]
[White "Okuyaz, Duru"]
[Black "Dzagnidze, Nana"]
[Result "0-1"]
[WhiteElo "2233"]
[BlackElo "2520"]
[Annotator "TA"]
[PlyCount "70"]
[EventType "team-tourn"]
[EventCountry "TUR"]
[SourceTitle "playchess.com"]
[Source "ChessBase"]
[SourceQuality "1"]
[WhiteTeam "Marmara"]
[BlackTeam "Batumi"]

{[%evp 20,70,0,0,0,0,0,0,-2,0,7,0,0,0,0,0,0,-38,-37,-55,-53,-66,-7,-105,-28,-21,-23,-41,-27,-38,0,-114,-118,-145,-132,-104,-60,-49,0,-50,0,0,59,-6,9,-622,-588,-629,-629,-611,-622,-622,-617]} 1. e4 e6 2. d3 c5 3. Nf3 Nc6 4. Nbd2 g6 5. g3 Bg7 6. Bg2 Nge7 7. O-O O-O 8. Re1 d6 9. Nf1 b5 10. c3 b4 11. d4 {LiveBook: 7 Partien. A04: Holländisches System ohne Übergang in andere Systeme} Rb8 (11... bxc3 12. bxc3 cxd4 13. cxd4 Ba6 14. Bg5 h6 15. Be3 Rc8 16. Rb1 Qa5 17. a4 Rb8 18. Qd2 Rxb1 19. Rxb1 Bxf1 20. Qxa5 Bxg2 {0-1 (32) Szczepkowska,K (2339)-Macieja,B (2612) Wroclaw 2011}) 12. Bf4 bxc3 13. bxc3 {Die Stellung ist ausgeglichen.} cxd4 14. cxd4 Ba6 15. Qd2 e5 16. Be3 $146 ({Vorgänger:} 16. Bh6 Nxd4 17. Nxd4 Bxh6 18. Qxh6 exd4 19. Nd2 {0-1 (33) Ramakrishna,J (2242)-Himanshu,S (2457) Chennai 2010}) 16... exd4 17. Nxd4 Ne5 18. Bg5 {[#]} h6 $1 {[%mdl 512]} 19. Bxe7 (19. Bxh6 Nc4) 19... Qxe7 20. Ne3 Rfc8 (20... Qd7 $15 21. Bf1 Qa4) 21. Nd5 {[#]} (21. Rab1 $11) 21... Qf8 (21... Qd7 $1 $17 22. Red1 Nd3) 22. Bf1 $11 Nc4 23. Qd3 Rb2 {...Td2 ist eine echte Drohung.} 24. Nb3 Kh8 25. Qf3 (25. Rec1 $11) 25... Ne5 $17 26. Qf4 Bxf1 27. Rxf1 Rcc2 {Droht ...Sd3 und aus.} 28. Rad1 $1 Nc6 ({Ein No Go ist} 28... Rxa2 $6 29. Nb4 $14) 29. Nf6 Rxa2 30. Rxd6 Rab2 (30... Qe7 $11) 31. Nc1 ({Günstiger ist} 31. Nd4 $1 $14 Nxd4 32. Rxd4) 31... h5 {Und weiter mit ...Lh6 wäre nett.} 32. Nd3 $2 {[%mdl 8192]} (32. Rd7 $11) 32... Bh6 $19 {Schwarz steht klar auf Gewinn.} 33. Nd7 Bxf4 34. Nxf8 Bxd6 35. Nxb2 Bxf8 {Precision: Weiß = 31%, Schwarz = 56%.} 0-1

[Event "22nd ECCC Women 2017"]
[Site "Antalya"]
[Date "2017.10.12"]
[Round "4"]
[White "Haussernot, Cecile"]
[Black "Ayan, Bengu Sena"]
[Result "1-0"]
[WhiteElo "2169"]
[BlackElo "1888"]
[Annotator "ChessBase"]
[PlyCount "67"]
[EventType "team-tourn"]
[EventCountry "TUR"]
[SourceTitle "playchess.com"]
[Source "ChessBase"]
[SourceQuality "1"]
[WhiteTeam "Mulhouse Philidor"]
[BlackTeam "Aegean"]
[TimeControl "40/5400+30:1800+30"]

1. e4 e6 2. d4 d5 3. Nc3 Nf6 4. e5 {[%emt 0:00:00]} Nfd7 {[%emt 0:01:30]} 5. Nce2 {[%emt 0:00:30]} c5 {[%emt 0:00:30]} 6. c3 {[%emt 0:00:00]} Nc6 {[%emt 0:01:30]} 7. Nf3 {[%emt 0:00:00]} Be7 {[%emt 0:04:30]} 8. a3 {[%emt 0:00:30]} c4 {[%emt 0:02:30]} 9. Nf4 {[%emt 0:03:30]} Na5 {[%emt 0:07:30]} 10. Be3 {[%emt 0:03:30]} Qb6 {[%emt 0:11:30]} 11. Rb1 {[%emt 0:01:30]} O-O {[%emt 0:09:30]} 12. h4 {[%emt 0:00:30]} f6 {[%emt 0:03:30]} 13. b4 {[%emt 0:04:30]} cxb3 {[%emt 0:05:30]} 14. Bd3 {[%emt 0:00:30]} f5 {[%emt 0:12:30]} 15. g4 {[%emt 0:07:30]} Qc6 {[%emt 0:09:30]} 16. gxf5 {[%emt 0:02:30]} exf5 {[%emt 0:00:00]} 17. Qe2 {[%emt 0:11:30]} Nb6 {[%emt 0:05:00]} 18. Ng5 {[%emt 0:03:30]} Bd7 {[%emt 0:02:30]} 19. e6 {[%emt 0:09:30]} Be8 {[%emt 0:00:30]} 20. Rg1 {[%emt 0:01:30]} Rf6 {[%emt 0:02:30]} 21. Nxh7 {[%emt 0:03:30]} Kxh7 {[%emt 0:00:30]} 22. Qg4 {[%emt 0:00:00]} Bg6 {[%emt 0:04:36]} 23. Bxf5 {[%emt 0:00:00]} Qxc3+ {[%emt 0:04:59]} 24. Bd2 {[%emt 0:00:30]} Qxd4 {[%emt 0:00:54]} 25. Bxg6+ {[%emt 0:06:30]} Kg8 {[%emt 0:01:27]} 26. Bf7+ {[%emt 0:02:30]} Rxf7 {[%emt 0:00:30]} 27. exf7+ {[%emt 0:00:30]} Kxf7 {[%emt 0:00:00]} 28. Qe6+ {[%emt 0:00:30]} Ke8 {[%emt 0:00:25]} 29. Qg6+ {[%emt 0:00:30]} Kd7 {[%emt 0:00:28]} 30. Qf5+ {[%emt 0:00:30]} Ke8 {[%emt 0:02:11]} 31. Bxa5 {[%emt 0:00:30]} Nc4 {[%emt 0:00:52]} 32. Qg6+ {[%emt 0:00:30]} Kd7 {[%emt 0:00:44]} 33. Qe6+ {[%emt 0:00:00]} Ke8 {[%emt 0:00:00]} 34. Nxd5 {[%emt 0:00:00]} 1-0

[Event "22nd ECCC Women 2017"]
[Site "Antalya"]
[Date "2017.10.11"]
[Round "4"]
[White "Hereklioglu, Sude"]
[Black "Khotenashvili, Bela"]
[Result "0-1"]
[WhiteElo "2165"]
[BlackElo "2459"]
[Annotator "TA"]
[PlyCount "56"]
[EventType "team-tourn"]
[EventCountry "TUR"]
[SourceTitle "playchess.com"]
[Source "ChessBase"]
[SourceQuality "1"]
[WhiteTeam "Marmara"]
[BlackTeam "Batumi"]

{[%evp 9,56,41,55,35,43,2,7,4,12,-14,-16,0,21,0,11,0,1,-11,0,-28,-21,-46,-48,-72,-56,-127,-53,-49,0,-146,-162,-143,-149,-139,-135,-433,-429,-732,-730,-680,-620,-752,-746,-697,-700,-707,-706,-679,-683]} 1. e4 c6 2. d4 g6 3. Nf3 Bg7 4. Bd3 d6 5. O-O Nd7 6. Nc3 {B06: Modern Defence} (6. Nbd2 Qc7 7. a4 Ngf6 8. Re1 O-O 9. Qe2 Nh5 10. Qe3 e5 11. dxe5 Nxe5 12. Nxe5 Bxe5 13. Be2 Bf4 14. Qd3 Nf6 15. g3 Bh6 {½-½ (15) Mammadov,Z (2422)-Shanava,K (2519) Ordu 2017}) 6... e5 7. d5 Ne7 $146 ({Predecessor:} 7... Ngf6 8. Re1 O-O 9. a4 Nc5 10. Bc4 a5 11. h3 Qc7 12. Nh2 cxd5 13. Bxd5 {0-1 (33) Pinero,I (1961)-Ocantos,M (2243) Montevideo 2017}) 8. dxc6 {The position is equal.} bxc6 9. a4 O-O 10. b4 {[%cal Bb2b4,Bb4b5][%mdl 32]} Bb7 11. Ba3 Nf6 12. Re1 Qc7 13. Rb1 Rad8 14. b5 c5 15. Nd2 d5 16. exd5 Nexd5 17. Nce4 ({White should play} 17. Nxd5 $15 Nxd5 18. Ne4) 17... Nxe4 (17... Nf4 $17 18. Qc1 Nxe4 19. Nxe4 Rxd3 20. cxd3 Nxd3) 18. Nxe4 $15 Rfe8 19. Bxc5 (19. Qd2 $11) 19... f5 $17 20. Nd6 Rxd6 21. Bxd6 Qxd6 22. c4 $2 {[%mdl 8192] [#]} (22. b6 $17 {was called for.} axb6 23. Bc4) 22... Nc3 $1 $19 {[%csl LRb1,LRd1][%cal Bd5c3,Bc3e2,Be2d4][%mdl 32] Black is clearly winning.} 23. Qb3 (23. c5 $142 Qxc5 24. Qb3+ Bd5 25. Qb4) 23... Qxd3 24. Red1 Ne2+ 25. Kh1 Qxb3 26. Rxb3 Nd4 27. Rc3 e4 28. Rcc1 Nb3 {Precision: White = 13%, Black = 46%.} 0-1

[Event "22nd ECCC Women 2017"]
[Site "Antalya"]
[Date "2017.10.11"]
[Round "4"]
[White "Neuhauser, Salome"]
[Black "Sade, Defne"]
[Result "0-1"]
[WhiteElo "2140"]
[BlackElo "1951"]
[Annotator "NA"]
[PlyCount "56"]
[EventType "team-tourn"]
[EventCountry "TUR"]
[SourceTitle "playchess.com"]
[Source "ChessBase"]
[SourceQuality "1"]
[WhiteTeam "Mulhouse Philidor"]
[BlackTeam "Aegean"]
[TimeControl "40/5400+30:1800+30"]

1. e4 e5 2. Nf3 Nc6 3. Bc4 Bc5 4. c3 Nf6 5. d4 exd4 {[%emt 0:01:00]} 6. e5 {[%emt 0:00:00]} d5 $11 {[%emt 0:00:30]} 7. Be2 {[%emt 0:00:30] LiveBook: 69 Games} Ne4 {[%emt 0:00:30]} 8. cxd4 {[%emt 0:00:30]} Bb6 {[%emt 0:00:30]} 9. Nc3 {[%emt 0:00:00]} O-O {[%emt 0:00:30]} 10. O-O {[%emt 0:00:00]} h6 {[%emt 0:01:30]} 11. Be3 {[%emt 0:05:30]} Bg4 {[%emt 0:14:30]} 12. Rc1 {[%emt 0:08:30]} f5 {[%emt 0:02:30]} 13. Nxd5 {[%emt 0:22:30]} Bxf3 {[%emt 0:21:30]} 14. gxf3 {[%emt 0:00:00]} Ng5 {[%emt 0:00:30]} 15. Nxb6 {[%emt 0:00:00]} axb6 {[%emt 0:00:30]} 16. f4 {[%emt 0:01:30]} Nh7 {[%emt 0:13:30]} 17. Bf3 {[%emt 0:04:30]} Kh8 {[%emt 0:05:30]} 18. d5 {[%emt 0:02:30]} Ne7 {[%emt 0:03:30]} 19. Qb3 {[%emt 0:00:30]} g5 {[%emt 0:01:30]} 20. d6 {[%emt 0:07:30]} Nc6 {[%emt 0:04:30]} 21. dxc7 {[%emt 0:08:30]} Qxc7 {[%emt 0:00:30]} 22. Kh1 {[%emt 0:05:30]} gxf4 {[%emt 0:01:30]} 23. Bxf4 {[%emt 0:00:30]} Ng5 {[%emt 0:00:30]} 24. Bg2 {[%emt 0:02:30]} Rae8 {[%emt 0:05:30]} 25. Rg1 {[%emt 0:04:30]} Ne4 {[%emt 0:01:30]} 26. Qe3 {[%emt 0:01:30]} Qf7 {[%emt 0:03:05]} 27. Bxh6 {[%emt 0:05:30]} Rg8 {[%emt 0:04:09]} 28. f4 {[%emt 0:00:30]} Ng3+ {[%emt 0:02:24]} 0-1